Normal view
MARC view
- الجبوري،جاسم محمد ، أمين،زين الدين ، العرتوفي،رقية فيصل
Entry Personal Name
001 - CONTROL NUMBER
- control field: 21602
003 - CONTROL NUMBER IDENTIFIER
- control field: JO-AjAnu
005 - DATE AND TIME OF LATEST TRANSACTION
- control field: 20230606073736.0
008 - FIXED-LENGTH DATA ELEMENTS
- fixed length control field: 230606|| aca||aabn | a|a d
040 ## - CATALOGING SOURCE
- Original cataloging agency: JO-AjAnu
- Transcribing agency: JO-AjAnu
100 ## - HEADING--PERSONAL NAME
- Personal name: الجبوري،جاسم محمد ، أمين،زين الدين ، العرتوفي،رقية فيصل
670 ## - SOURCE DATA FOUND
- Source citation: Work cat.: (JO-AjAnu)11099: الجبوري،جاسم محمد ، أمين،زين الدين ، العرتوفي،رقية فيصل, author, قوة البرمجة العقلية :الهندسة العقلية استراتيجية تغيير اسلوب الحياة